Análisis económico y revolución liberal en España (Record no. 179101)

MARC details
000 -LEADER
campo de control de longitud fija 01203nam a2200313 4500
001 - NÚMERO DE CONTROL
campo de control 179101
003 - IDENTIFICADOR DE NÚMERO DE CONTROL
campo de control ES-MaACL
005 - FECHA Y HORA DE LA ÚLTIMA TRANSACCIÓN
campo de control 20250902022751.0
008 - DATOS DE LONGITUD FIJA--INFORMACIÓN GENERAL
campo de control de longitud fija 110908s2009 sp acfo |||| |dspa d
020 ## - NÚMERO INTERNACIONAL ESTÁNDAR DEL LIBRO
Número Internacional Estándar del Libro 978-84-470-3192-4
080 ## - NÚMERO DE LA CLASIFICACIÓN DECIMAL UNIVERSAL
Número de la Clasificación Decimal Universal 336.1(460)"18"
080 ## - NÚMERO DE LA CLASIFICACIÓN DECIMAL UNIVERSAL
Número de la Clasificación Decimal Universal 330.82(460)
080 ## - NÚMERO DE LA CLASIFICACIÓN DECIMAL UNIVERSAL
Número de la Clasificación Decimal Universal 338.2(460)"18"
100 1# - ENTRADA PRINCIPAL--NOMBRE DE PERSONA
Nombre de persona Martín Rodríguez, Manuel.
9 (RLIN) 77634
245 10 - MENCIÓN DEL TÍTULO
Título Análisis económico y revolución liberal en España
Resto del título : economistas académicos en las cortes liberales, 1834-1874 /
Mención de responsabilidad, etc. Manuel Martín Rodríguez.
250 ## - MENCION DE EDICION
Mención de edición 1ª ed.
260 ## - PUBLICACIÓN, DISTRIBUCIÓN, ETC.
Lugar de publicación, distribución, etc. [Madrid] :
Nombre del editor, distribuidor, etc. Civitas,
Fecha de publicación, distribución, etc. 2009.
300 ## - DESCRIPCIÓN FÍSICA
Extensión 586 p., [30] p. de lám. ;
Dimensiones 25 cm.
490 1# - MENCIÓN DE SERIE
Mención de serie Biblioteca Civitas economía y empresa. Economía. Serie especial
500 ## - NOTA GENERAL
Nota general Índice onomástico.
504 ## - NOTA DE BIBLIOGRAFÍA, ETC.
Nota de bibliografía, etc. Bibliografía: p. [551]-571.
650 #7 - PUNTO DE ACCESO ADICIONAL DE MATERIA--TÉRMINO DE MATERIA
Término de materia o nombre geográfico como elemento de entrada Economía-
Subdivisión geográfica España-
Subdivisión cronológica S.XIX.
9 (RLIN) 147869
650 00 - PUNTO DE ACCESO ADICIONAL DE MATERIA--TÉRMINO DE MATERIA
Término de materia o nombre geográfico como elemento de entrada Hacienda pública-
Subdivisión geográfica España-
Subdivisión cronológica S.XIX
9 (RLIN) 227084
651 #7 - PUNTO DE ACCESO ADICIONAL DE MATERIA--NOMBRE GEOGRÁFICO
Nombre geográfico España-
Subdivisión general Política económica-
Subdivisión cronológica S.XIX.
9 (RLIN) 147870
830 10 - PUNTO DE ACCESO ADICIONAL DE SERIE-TÍTULO UNIFORME
Título uniforme Biblioteca Civitas economía y empresa.
Nombre de parte o sección de la obra Colección empresa
9 (RLIN) 230047
852 ## - LOCALIZACIÓN
Ubicación ES-MaACL
itemnumber 185973
Sublocalización o colección R.146331
Número de control de estantería A-11491
Signatura antigua Olim: N-4495
Ubicación en estantería Depósito 1
942 ## - ELEMENTOS DE ENTRADA SECUNDARIOS (KOHA)
Fuente del sistema de clasificación o colocación Clasificación decimal universal
Holdings
Estatus retirado Estado de pérdida Fuente del sistema de clasificación o colocación Estado de daño No para préstamo Biblioteca de origen Biblioteca actual Ubicación en estantería Fecha de adquisición Fuente de adquisición Total de préstamos Signatura topográfica completa Código de barras Visto por última vez Precio de reemplazo Tipo de ítem Koha
    Clasificación decimal universal     Biblioteca del Ateneo de Madrid Biblioteca del Ateneo de Madrid Depósito 1 08/09/2011 Compra   A-11491 1188137 23/02/2023 23/02/2023 Libro impreso